000 00805nam a2200229 a 4500
001 62450
003 BD-RjUL
005 20211209081104.0
008 170124s1979 bg 000 0 eng
020 _c: Tk 30.00
035 _a(BD-RjUL)62576
040 _aDLC
_cDLC
_dDLC
_dBD-RjUL
_beng
041 _aeng
082 _223
_a304.6095492021
_bJES 1979 (DCR)
110 1 _aBangladesh Bureau of Statistics
_9179266
245 1 0 _aPopulation census of Bangladesh, 1974 :
_bDistrict census report, Jessore /
_cBangladesh Bureau of Statistics
260 _aDacca :
_bBangladesh Bureau of Statistics
_c1979.
300 _aiv, [4],177, [6] p.
_bill. ;
_c29 cm.
651 _aBangladesh
_zJessore
_vCensus,1974.
_9185711
651 _aBangladesh
_zJessore
_xPopulation
_vStatistics
_y1974.
_9185712
942 _2ddc
_cRAR
999 _c62450
_d62450